Reading one
Gardado en:
| Autor Corporativo: | |
|---|---|
| Formato: | Libro |
| Idioma: | Undetermined |
| Publicado: |
Tp. HCM
Trường Đại học Kinh tế Tp. HCM
1995
|
| Những chủ đề: | |
| Các nhãn: |
Engadir etiqueta
Sen Etiquetas, Sexa o primeiro en etiquetar este rexistro!
|
| Thư viện lưu trữ: | Trung tâm Học liệu Trường Đại học Cần Thơ |
|---|
| LEADER | 00551nam a2200181Ia 4500 | ||
|---|---|---|---|
| 001 | CTU_66 | ||
| 008 | 210402s9999 xx 000 0 und d | ||
| 082 | |a 420 | ||
| 082 | |b R287 | ||
| 110 | |a Trường Đại học Kinh tế Tp. HCM. | ||
| 245 | 0 | |a Reading one | |
| 245 | 0 | |c Trường Đại học Kinh tế Tp. HCM. | |
| 260 | |a Tp. HCM | ||
| 260 | |b Trường Đại học Kinh tế Tp. HCM | ||
| 260 | |c 1995 | ||
| 650 | |a english language | ||
| 650 | |x study and teaching | ||
| 980 | |a Trung tâm Học liệu Trường Đại học Cần Thơ | ||